UML and C++ : a practical guide to object-oriented development

Αποθηκεύτηκε σε:
Λεπτομέρειες βιβλιογραφικής εγγραφής
Κύριος συγγραφέας: Lee, Richard C. 1956-
Άλλοι συγγραφείς: Tepfenhart, William M.
Μορφή: Βιβλίο
Γλώσσα:English
Δημοσίευση: Upper Saddle River, N.J. : Prentice Hall, c1997
Θέματα:
Ετικέτες: Προσθήκη ετικέτας
Δεν υπάρχουν, Καταχωρήστε ετικέτα πρώτοι!

MARC

LEADER 00000nam a2200000 i 4500
001 1/98634
008 000124s1997 eng d
020 |a 0136197191 
035 |l 10056586 
040 |a GR-MY-UA  |b gre  |e aacr 
041 0 |a eng 
082 0 |a 005.12 
100 1 |a Lee, Richard C.  |d 1956- 
245 1 0 |a UML and C++ :  |b a practical guide to object-oriented development /  |c Richard C. Lee, William M. Tepfenhart 
260 |a Upper Saddle River, N.J. :   |b Prentice Hall,   |c c1997 
300 |a cviii, 445 p.;  |b ill.;  |c 24 cm. 
504 |a Includes bibliographical references and index 
650 0 0 |a Object-oriented programming (Computer science) 
650 0 0 |a Computer software  |x Development. 
650 0 0 |a C++ (Computer program language) 
650 0 0 |a UML (Computer science) 
700 1 |a Tepfenhart, William M. 
852 |a INST  |b SAMOS  |e 20000124  |h 005.12 LEE  |p 005300015969  |q 005300015969  |t BK  |y 0 
901 |a BIBL3-2000-1 
909 |a Σ  |b 071297 
922 |a 3ΕΛΗ  |b 199912  |c ΤΠΕΣ  |d ΠΑΠΑΣΩΤΗΡΙΟΥ 
950 |a 133-1999-07-20 
970 |a ΠΟΥΡΝΑΡΑΣ  |b ΔΗΜΗΤΡΗΣ  |z 2000/01/24